000 00344pab a2200145 454500
008 180718b1988 xxu||||| |||| 00| 0 eng d
100 _aShah, P.N
245 _aDirect tax laws - need for further amendments
260 _c1988
300 _a336-40
362 _aOct.
650 _aTaxation
773 _aChartered Accountant
909 _a18995
999 _c18995
_d18995